000 00607nam a2200217Ia 4500
005 20241129104139.0
008 241129s9999||||xx |||||||||||||| ||und||
020 _a9780300268126
037 _aTextual
040 _aRTL
_beng
_cRTL
041 _aeng
_2eng
084 _aXv R1
_qRTL
100 _aPiketty Thomas
245 0 _aTime for socialism: Dispatches from a world on fire 2016-2021
_cPiketty Thomas
260 _aLondon
_bYale University Press
_c2021
300 _aviii,346p.
365 _aINR
_b1417.8
650 _aEconomics
942 _cTB
_hXv R1
999 _c1224619
_d1224619